| 000 | 00772 a2200217 4500 | ||
|---|---|---|---|
| 005 | 20080905121238.0 | ||
| 008 | 080905t xxu||||| |||| 00| d eng d | ||
| 010 | _aENG-87574 | ||
| 020 |
_a8181575601 _c250.00 |
||
| 035 | _aEN-71107 | ||
| 037 | _bDBAD / PUB | ||
| 082 | _a882 | ||
| 100 | _aVithal Rajan | ||
| 245 |
_aVaradachary's annotated chess masterpieces (incomplete) _cby Vithal Rajan |
||
| 260 |
_aCalcutta _bWriters Workshop _c2006 |
||
| 270 |
_a162/92, Lake Gardens, _bCalcutta _e700 045 |
||
| 300 |
_a184p. _c22 cm (Hb) |
||
| 490 | _aWriters workshop bluebird book | ||
| 942 |
_adpl _cEN _k882 / VIT _2ddc _h882 _mVIT |
||
| 999 |
_c6681 _d6681 |
||